LEADER 01662nam a2200373 a 4500 001 000000123495 003 CaOOAMICUS 005 20101022122321.0 008 101022t2010 it ab u000 u ita r 040 $aPUL$bita 041 1 $aita$heng 082 04$a930 100 1 $aCampbell, Duncan B.$0(OLS)http://pul/name/75861 240 10$aSiege warfare in ancient Greece.$lItaliano.$0(OLS)http://pul/title/155632 245 10$aGuerra di assedio /$cDuncan B. Campbell ; illustrazioni di Brioan Delf, Adam Hook e Angus McBride. 260 $aMilano :$bRBA Italia,$c©2010. 300 $a72 p. :$bill., c. geogr. ;$c25 cm. 490 1 $aRoma e Grecia. Le battaglie, gli eserciti, i grandi condottieri 490 1 $aGrecia. Alessandro Magno IV 500 $aPubblicazione periodica settimanale. 504 $aInclude bibliografia ed indice. 650 4$aGuerra$zGrecia$yEvo antico.$0(OLS)http://pul/subject/29858 700 1 $aDelf, Brian.$0(OLS)http://pul/name/75859 700 1 $aHook, Adam.$0(OLS)http://pul/name/72088 700 1 $aMcBride, Angus.$0(OLS)http://pul/name/75866 830 0$aRoma e Grecia$pLe battaglie, gli eserciti, i grandi condottieri.$0(OLS)http://pul/title/150360 830 0$aGrecia.$pAlessandro Magno IV.$0(OLS)http://pul/title/155635 850 $aPUL 852 $aPUL$W1$xDP2 Filosofia 3$y112$m930 COLL 2.33$j142163$qDDC 21$B141136$CPULBib$Z2$F141136 $H115077 $82 941 1 $a9 996 $6082$a930$9(OLS)http://pul/classification/398 996 $6245$aGuerra di assedio$9(OLS)http://pul/title/155633 996 $6260$aMilano :$bRBA Italia$9(OLS)http://pul/publisher/80118 LEADER 01251nam a2200289 u 4500 001 000000072176 003 CaOOAMICUS 005 20070226122219.0 008 020612s1981 fr u000 u fre u 020 $a2708222198 035 $a10933036 040 $aPUL(R)$bita 100 1 $aZylberberg-Hocquard, Marie-Hélène.$0(OLS)http://pul/name/47771 245 10$aFemmes et feminisme dans le mouvement ouvrier français /$cMarie-Hélène Zylberberg-Hocquard. 260 $aParis :$bLes Editions ouvrières,$cc1981. 300 $a220 p. ;$c20 cm 490 1 $aComprendre pour agir 650 4$aDonne e società.$0(OLS)http://pul/subject/25479 650 4$aDiritto del lavoro.$0(OLS)http://pul/subject/1096 830 0$aComprendre pour agir.$0(OLS)http://pul/title/61326 850 $aPUL 852 $aPUL$W1$xDP1 Cons. Gen., Altre Classi 1$y22$m845 H 11$j93401$nBK-PRI$b $qStampati$B93401$CPULBib$Z2$F93401 $H62635 $81 941 1 $a8 960 $aLavoro (Diritto)$91096 996 $6020$a2708222198$9(OLS)http://pul/number/93191 996 $6245$aFemmes et feminisme dans le mouvement ouvrier français$9(OLS)http://pul/title/94960 996 $6260$aParis :$bLes Editions ouvrières$9(OLS)http://pul/publisher/71539